00641nam a22001817a 450000500170000001000190001702000430003603500180007903700140009708200170011124500440012825000070017226000310017927000820021030000310029249000300032350001060035320251001150825.0 aENG-146924-927 a9789349015579(Set of 4 Vols)c12500.00 aEN-130456-459 bDBADaDPL a347.5406222 aWoodroffe and Amir Ali: Law of Evidence a22 aGurgaonbLexis Nexisc2025 a14th floor building no 10, tower-B, DLF cyber city, phase-IIbGurgaone122002 acccxxxvii,5822p.c25cm(hb) vVol 1, Vol 2,Vol 3, Vol 4 aSection 1 to 23 (Vol 1) Section 24 to 93 (Vol 2) Section 94 to 120 (Vol 3) Section 121 to 170 (Vol 4)